000 00701nam a2200253 i 4500
001 C2-0120154
003 PPAK
005 20180727112411.0
008 970811s1979 enk |||| ||||| | eng d
020 _a0333253124
040 _aPPAK
_beng
_cPPAK
_erda
082 0 4 _a636.5080
_223
090 0 0 _a636.5080
_bOLU
_dG
100 1 _aOluyemi, J.A.,
_eauthor
245 1 0 _aPoultry production in warm wet climates
264 1 _aLondon :
_bMacmillan ,
_c1979
300 _ax, 197 pages ;
_c24 cm
336 _2rdacontent
_atext
337 _2rdamedia
_aunmediated
338 _2rdacarrier
_avolume
650 1 0 _aUnderdeveloped areas - Poultry ; Poultry - Tropics
700 _eauthor
942 _ddc
_cB
999 _c33609
_d33609